| 000 | 00392nam a22001217a 4500 | ||
|---|---|---|---|
| 999 |
_c10133 _d10133 |
||
| 003 | OSt | ||
| 008 | 201218b ||||| |||| 00| 0 eng d | ||
| 245 | _aIndian Journal of The Indian Institute of Science | ||
| 250 | _a2014(Jan-Mar Vol.94 No.1, Apr-Jun Vol.94 No.2, Oct-Dec Vol.94 No.4) | ||
| 260 |
_aBengaluru _bIndian Institute of Science Press |
||
| 650 | _aApplied Science | ||
| 942 |
_2ddc _cBV |
||